A unique clay from the Goose Lake, Illinois, area, (Record no. 27557)
[ view plain ]
| 000 -LEADER | |
|---|---|
| fixed length control field | 01034cam a22002531 4500 |
| 001 - CONTROL NUMBER | |
| control field | gs 39000190 |
| 003 - CONTROL NUMBER IDENTIFIER | |
| control field | DLC |
| 005 - DATE AND TIME OF LATEST TRANSACTION | |
| control field | 20260227111344.0 |
| 008 - FIXED-LENGTH DATA ELEMENTS--GENERAL INFORMATION | |
| fixed length control field | 790608r1939uuuuilua b s000 0 eng |
| 010 ## - LIBRARY OF CONGRESS CONTROL NUMBER | |
| LC control number | gs 39000190 |
| 035 ## - SYSTEM CONTROL NUMBER | |
| System control number | (OCoLC)5048208 |
| 040 ## - CATALOGING SOURCE | |
| Original cataloging agency | DLC |
| Transcribing agency | TxCM |
| Modifying agency | DLC |
| 050 00 - LIBRARY OF CONGRESS CALL NUMBER | |
| Classification number | QE105 |
| Item number | .A25 no. 53 |
| 100 1# - MAIN ENTRY--PERSONAL NAME | |
| Personal name | Grim, Ralph E. |
| Fuller form of name | (Ralph Early), |
| Dates associated with a name | 1902- |
| 245 12 - TITLE STATEMENT | |
| Title | A unique clay from the Goose Lake, Illinois, area, |
| Statement of responsibility, etc. | by R. E. Grim and W. F. Bradley. |
| 260 ## - PUBLICATION, DISTRIBUTION, ETC. | |
| Place of publication, distribution, etc. | Urbana, Illinois, |
| Name of publisher, distributor, etc. | printed by authority of the state of Illinois, |
| Date of publication, distribution, etc. | 1939. |
| 300 ## - PHYSICAL DESCRIPTION | |
| Extent | 20 p. |
| Other physical details | illus. |
| 410 20 - SERIES STATEMENT/ADDED ENTRY--CORPORATE NAME [OBSOLETE, CAN/MARC], [LOCAL, USA] | |
| Corporate name or jurisdiction name as entry element | Illinois State Geological Survey |
| Title of a work | Report of Investigations |
| Volume number/sequential designation | no. 53 |
| 500 ## - GENERAL NOTE | |
| General note | At head of title: State of Illinois. Department of Registration and Education. Division of the State Geological Survey. |
| 500 ## - GENERAL NOTE | |
| General note | "Reprinted from the Journal of American Ceramic Society, v. 22, pp. 157-164, 1939." |
| 504 ## - BIBLIOGRAPHY, ETC. NOTE | |
| Bibliography, etc. note | Bibliographical footnotes. |
| 650 #0 - SUBJECT ADDED ENTRY--TOPICAL TERM | |
| Topical term or geographic name entry element | Clay |
| Geographic subdivision | Illinois. |
| 700 1# - ADDED ENTRY--PERSONAL NAME | |
| Personal name | Bradley, William Frank, |
| Dates associated with a name | 1908- |
| Relator term | joint author. |
No items available.